000 00512nam a22001697a 4500
005 20251108165325.0
008 250721s1990 xx 000 0 ara d
082 1 4 _a635/علي
100 1 _aحمايل، علي فتحي
245 1 0 _aالعائلة القرعية :
_bالخيار - قرع الكوسه ... /
264 1 _aالقاهرة :
_bمكتبة إبن سينا،
_c1990.
300 _a144ص
650 1 7 _aالخضروات
650 1 7 _aعلم البساتين
942 _2ddc
_cBK
999 _c25105
_d25105